Historia de la Rusia soviética : El Interregno, 1923-1924 /

"El Interregno" nombra en la historia de la Rusia soviética el período de 1923-1924, cuando la Revolución de Octubre ha culminado y los bolcheviques se han consolidado en el poder, pero la enfermedad y subsecuente muerte de Lenin (1870-1924) provoca una tregua entre los aspirantes a la sucesión y el...

Descrizione completa

Salvato in:
Dettagli Bibliografici
Autore principale: Carr, Edward Hallett (autor)
Altri autori: Diego de la Rosa, Fernando de (traducción) (traducción), Diego de la Rosa, Fernando (autor) (autor)
Natura: Libro
Lingua:spagnolo
Pubblicazione: Madrid, España : Alianza, 1974, c1974
Serie:(Alianza Universidad ; 75)
Soggetti:
Tags: Aggiungi Tag
Nessun Tag, puoi essere il primo ad aggiungerne!!

MARC

LEADER 00000nam^a2200000^a^4500
001 000021858
005 20250523130251.0
009 20260310084433.898
020 |a 84-206-2075-0 
037 |a Acervo ITESO - Biblioteca 
041 |a ESP 
082 |a 947. 084  |b CAR V. 4 
100 |a Carr, Edward Hallett  |e (autor) 
240 1 1 |a [Historia de la Rusia soviética] 
245 1 0 |a Historia de la Rusia soviética :  |b El Interregno, 1923-1924 /  |c E.H. Carr ; tr. por F. de Diego de la Rosa. 
264 4 |a Madrid, España :  |b Alianza,  |c 1974, c1974 
300 |a 390 p. 
336 |a texto  |b txt  |2 rdacontenido 
337 |a sin mediación  |b n  |2 rdamedio 
338 |a volumen  |b nc  |2 rdasoporte 
440 1 |a (Alianza Universidad ;  |v 75) 
500 |a Traducción de: A History of Soviet Russia. The Interregnum 1923-1924 
520 |a "El Interregno" nombra en la historia de la Rusia soviética el período de 1923-1924, cuando la Revolución de Octubre ha culminado y los bolcheviques se han consolidado en el poder, pero la enfermedad y subsecuente muerte de Lenin (1870-1924) provoca una tregua entre los aspirantes a la sucesión y el aplazamiento de las grandes decisiones. La convergen durante el bienio de la Crisis económica de las tijeras en Rusia y la derrota de los comunistas en Alemania muestra las contradicciones entre el proyecto de la revolución mundial y los intereses de la naciente Unión Soviética. Josef Stalin (1879-1953), futuro dictador, Lev Borisovich Kamenev (1883-1936) y Grigori YesveyevichZinoviev (1883-1936), quienes luego serán víctimas de la Gran Purga de Stalin, fraguan su plan para desalojar del poder a León Trotski (1879-1940). 
649 |a XX 
650 |a Comunismo -  |z Rusia -  |x Historia -  |y 1922-1924 
650 |a Socialismo -  |z Rusia -  |x Historia -  |y 1922-1924 
650 |a Política -  |z Rusia -  |x Historia -  |y 1922-1924 -  |x Tema Principal 
650 |a Rusia -  |x Historia -  |y 1922-1924 -  |x Tema Principal 
650 |a Rusia -  |x Historia -  |y URSS, 1922-1991 
650 |a Rusia -  |x Historia -  |y Siglo XX 
600 |a Lenin 
650 |a Stalin, Joseph 
650 |a Trotski, León 
650 |a Kamenev, Lev Borisovich 
650 |a Zinoviev, Grigori Yesveyevich 
700 |a Diego de la Rosa, Fernando de  |e (traducción) 
700 |a Diego de la Rosa, Fernando  |e (autor) 
740 3 |a El Interregno, 1923-1924 /  |c E.H. Carr ; tr. por F. de Diego de la Rosa. 
910 |a Fondo General 
920 |a Impresos - Libros 
930 |a Colección General 
905 |a 101 
901 |a 0218580100  |b IT1  |c ACC  |i 021858  |u 20250521 
902 |a https://opac.biblio.iteso.mx/vufind/Record/000021858